Name a Valid Hololive Talent #1 - Statistics

General Stats
  • This quiz has been taken 95 times
    21 since last reset
  • The average score is 17 of 20
Answer Stats
talents who... Answer % Correct
have at least 2M Subscribers Gawr Gura | Houshou Marine | Usada Pekora | Kobo Kanaeru | Hoshimachi Suisei | Shirakami Fubuki | Mori Calliope | Sakura Miko | Minato Aqua | Inugami Korone | Shirogane Noel | Nekomata Okayu | Oozora Subaru
100%
has streamed for 24+ hours straight Hakui Koyori | Inugami Korone | Sakura Miko | Natsuiro Matsuri | Usada Pekora | Mori Calliope | Koseki Bijou | Houshou Marine | Shirogane Noel | Shiranui Flare
100%
Graduated Kiryu Coco | Tsukumo Sana | Minato Aqua | Ceres Fauna | Murasaki Shion | Nanashi Mumei | Gawr Gura | Hiodoshi Ao | Amane Kanata
100%
has won a category at the Vtuber Awards (excluding dedicated fanbase) Mori Calliope | Ninomae Ina'nis | Kaela Kovalskia | Ceres Fauna | Kobo Kanaeru | Fuwamoco | Raora Panthera | Hoshimachi Suisei | Gigi Murin | Takanashi Kiara
100%
Has a clip starring them from "Clipper for flat Vtubers" Otonose Kanade | Cecilia Immergreen | Mizumiya Su | Amane Kanata | Usada Pekora | Murasaki Shion | Todoroki Hajime | Koseki Bijou | Ninomae Ina'nis | Gigi Murin | Hiodoshi Ao | Mococo Abyssgard | Gawr Gura | Hoshimachi Suisei | Natsuiro Matsuri | Tokoyami Towa | Laplus Darknesss | Nakiri Ayame | Shirakami Fubuki | Oozora Subaru
100%
have had/is going to have a solo live (has to be a IRL concert) Shirakami Fubuki | Sakura Miko | Hoshimachi Suisei | Houshou Marine | Mori Calliope | Minato Aqua | Tokino Sora | Tsunomaki Watame | AZKi | Usada Pekora | Tokoyami Towa | Nekomata Okayu | Amane Kanata | Ookami Mio | Takanashi Kiara | Ninomae Ina'nis | IRyS
100%
Are playable in Idol Showdown (excluding collabs/supports) Shishiro Botan | Aki Rosenthal | Inugami Korone | Shirakami Fubuki | Nakiri Ayame | Ninomae Ina'nis | Usada Pekora | Kureiji Ollie | Kiryu Coco | Hoshimachi Suisei | Tokino Sora | Hakui Koyori
100%
Are Human (Excluding DEV_IS) Tokino Sora | Akai Haato | Natsuiro Matsuri | Murasaki Shion | Oozora Subaru | AZKi | Sakura Miko | Hoshimachi Suisei | Shirogane Noel | Houshou Marine | Himemori Luna | Kazama Iroha | Vestia Zeta | Kaela Kovalskia | Kobo Kanaeru | Ninomae Ina'nis | Amelia Watson | Shiori Novella | Elizabeth Rose Bloodflame
100%
Has a reference of their color in their name Akai Haato | Hiodoshi Ao | Shirakami Fubuki | Murasaki Shion | Shirogane Noel | Momozuzu Nene | Shishiro Botan | Sakamata Chloe | Elizabeth Rose Bloodflame | Koganei Niko
92%
were headliners of Dodgers Events Hoshimachi Suisei | Usada Pekora | Gawr Gura | Ninomae Ina'nis | IRyS | Koseki Bijou
92%
Was the most subscribed to at one point Tokino Sora | Shirakami Fubuki | Gawr Gura
92%
whose first name and last name start with the same letter Tokoyami Towa | Kaela Kovalskia | Kobo Kanaeru | Gawr Gura
92%
are Affliated Watson Amelia | Sakamata Chloe
85%
Blew up at least 1 Flying vehicle while piloting it during the HoloGTA event FuwaMoco | Ninomae Ina'nis | Kazama Iroha | Aki Rosenthal | Ichijou Ririka | Todoroki Hajime
77%
Was questioned and NOT arrested in an Oozora Police stream Kiryu Coco | Yozora Mel | Ninomae Ina'nis | Gawr Gura | Himemori Luna | Koseki Bijou (twice) | Nerissa Ravencroft
77%
Called something different than official name (excluding shortened names) Akai Haato (Haachama) | Koseki Bijou (Biboo)
69%
were Terminated Hitomi Chris | Uruha Rushia | Yozora Mel
69%
has a MV with 100M+ views Hoshimachi Suisei
69%
Has won the New Year's Mario Kart tournaments Minato Aqua | Hoshimachi Suisei | Nekomata Okayu | Tokoyami Towa
62%
Debuted in 2022 Vestia Zeta | Kaela Kovalskia | Kobo Kanaeru
54%
No matching quizzes found
Score Distribution
Percent of People with Each Score
Percentile by Number Answered
Your Score History
You have not taken this quiz since the last reset